La Vierge [ (Record no. 168886)

MARC details
000 -LEADER
campo de control de longitud fija 00781nam a22002055i 4500
001 - NÚMERO DE CONTROL
campo de control 168886
003 - IDENTIFICADOR DE NÚMERO DE CONTROL
campo de control ES-MaACL
005 - FECHA Y HORA DE LA ÚLTIMA TRANSACCIÓN
campo de control 20250522063049.0
008 - DATOS DE LONGITUD FIJA--INFORMACIÓN GENERAL
campo de control de longitud fija 080619s1880 fr |||| | fre d
080 ## - NÚMERO DE LA CLASIFICACIÓN DECIMAL UNIVERSAL
Número de la Clasificación Decimal Universal 782.089.6
100 1# - ENTRADA PRINCIPAL--NOMBRE DE PERSONA
Nombre de persona Massenet, Jules,
Fechas asociadas al nombre 1842-1912
9 (RLIN) 240595
245 13 - MENCIÓN DEL TÍTULO
Título La Vierge [
Medio música impresa]
Resto del título : légende sacrée en quatre scènes /
Mención de responsabilidad, etc. de Ch. Grandmougin ; musique de J. Massenet.
260 ## - PUBLICACIÓN, DISTRIBUCIÓN, ETC.
Lugar de publicación, distribución, etc. Paris :
Nombre del editor, distribuidor, etc. G. Hartmann,
Fecha de publicación, distribución, etc. [1880]
300 ## - DESCRIPCIÓN FÍSICA
Extensión 1 partitura vocal ( 215 p.) ;
Dimensiones 28 cm.
650 14 - PUNTO DE ACCESO ADICIONAL DE MATERIA--TÉRMINO DE MATERIA
Término de materia o nombre geográfico como elemento de entrada Música escénica-
Subdivisión general Partituras vocales.
9 (RLIN) 138018
650 #4 - PUNTO DE ACCESO ADICIONAL DE MATERIA--TÉRMINO DE MATERIA
Término de materia o nombre geográfico como elemento de entrada Óperas-
Subdivisión general Partituras vocales.
9 (RLIN) 137997
700 1# - ENTRADA AGREGADA--NOMBRE PERSONAL
Nombre de persona Grandmougin, Charles.
9 (RLIN) 138015
852 4# - LOCALIZACIÓN
Ubicación ES-MaACL
Número de control de estantería L-29326
itemnumber R.141084
Nota libre Biblioteca Jacinto Martínez Lacalle
Holdings
Estatus retirado Estado de pérdida Fuente del sistema de clasificación o colocación Estado de daño No para préstamo Colección Biblioteca de origen Biblioteca actual Ubicación en estantería Fecha de adquisición Total de préstamos Signatura topográfica completa Código de barras Visto por última vez Precio de reemplazo Tipo de ítem Koha
    Clasificación decimal universal     Libros del s. XIX Biblioteca del Ateneo de Madrid Biblioteca del Ateneo de Madrid Depósito 2 19/06/2008   L-29326 1177240 23/02/2023 23/02/2023 Partitura